Catálogo
 En Linea

Kitâb al-agdiya (tratado de lo alimentos) / (Registro nro. 41037)

Detalles MARC
000 -CABECERA
campo de control de longitud fija 01038nam a2200241 a 4500
001 - NÚMERO DE CONTROL
campo de control 000041547
005 - FECHA Y HORA DE LA ÚLTIMA TRANSACCIÓN
campo de control 20201002035631.0
008 - DATOS DE LONGITUD FIJA--INFORMACIÓN GENERAL
campo de control de longitud fija 131009s1992 sp 000 0 spa d
020 ## - NÚMERO INTERNACIONAL ESTÁNDAR DEL LIBRO
Número Internacional Estándar del Libro 8400072723
040 ## - FUENTE DE LA CATALOGACIÓN
Centro catalogador/agencia de origen DO-SdBNP
Lengua de catalogación spa
Centro/agencia transcriptor BNPHU
082 ## - NÚMERO DE LA CLASIFICACIÓN DECIMAL DEWEY
Número de clasificación xxxx
Número de documento/Ítem xxxx
100 1# - ENTRADA PRINCIPAL--NOMBRE DE PERSONA
Nombre de persona Ibn Zuhr, Abd al-Malik b. Abi l-Ala³
9 (RLIN) 68284
240 10 - TÍTULO UNIFORME
Título uniforme Kitab al-agdiya
Lenguaje de la obra Español-Árabe
245 10 - MENCIÓN DE TÍTULO
Título Kitâb al-agdiya (tratado de lo alimentos) /
Mención de responsabilidad, etc. Abu Marwan 'Abd al-Malik b. Zuhr ; edición, traducción e introducción por Expiración García Sánchez.
260 ## - PUBLICACIÓN, DISTRIBUCIÓN, ETC.
Lugar de publicación, distribución, etc. Madrid :
Nombre del editor, distribuidor, etc. Consejo Superior de Investigaciones Científicas
-- Instituto de Cooperación con el Mundo Árabe,
Fecha de publicación, distribución, etc. 1992.
300 ## - DESCRIPCIÓN FÍSICA
Extensión 196, 185 p. ;
Dimensiones 24 cm.
490 1# - MENCIÓN DE SERIE
Mención de serie Fuentes arábico-hispanas
Designación de volumen o secuencia 4
500 ## - NOTA GENERAL
Nota general Texto en árabe y traducción en español
500 ## - NOTA GENERAL
Nota general Incluye referencias bibliográficas y notas al pie de las páginas
504 ## - NOTA DE BIBLIOGRAFÍA, ETC.
Nota de bibliografía, etc. Bibliografía : p. 157-169
700 12 - PUNTO DE ACCESO ADICIONAL--NOMBRE DE PERSONA
Nombre de persona García Sánchez, Expiración
Término indicativo de función/relación ed.
9 (RLIN) 68285
830 #0 - PUNTO DE ACCESO ADICIONAL DE SERIE-TÍTULO UNIFORME
Título uniforme Fuentes arábico-hispanas ;
Número de parte o sección de la obra 4
9 (RLIN) 68286
Existencias
Estado de retiro Estado de pérdida Restricciones de uso No para préstamo Código de colección Localización permanente Ubicación/localización actual Ubicación en estantería Fecha de adquisición Número de inventario Total de préstamos Signatura topográfica completa Código de barras Fecha visto por última vez Precio válido a partir de Tipo de ítem Koha
      Excluido de préstamo Monografías: Libros y Folletos General General En catalogación 09.10.2013 LF1   xxxx xxxx 41547-10 25.06.2020 25.06.2020 No se presta
        Monografías: Libros y Folletos General General Orden iniciada 09.10.2013 LF1   xxxx xxxx 41547-20 25.06.2020 25.06.2020 No se presta

Con tecnología Koha